000
00299nam a22001217a 4500
003
OSt
008
150215b xxu||||| |||| 00| 0 eng d
100
1
_a
Fire R.
041
_a
eng
245
1
0
_a
Danmarks First Postage Stamp (in Danish)
260
_b
Kobenhavns Philatelist Klub Pub
_c
1961
300
_a
0 pages
999
_c
727
_d
727